000 00718nam a22002297a 4500
999 _c15059
_d15059
003 AR-CdUCM
008 190425b ||||| |||| 00| 0 spa d
020 _a978-607-735-731-5
040 _aMUNICIPALIDAD PROVINCIAL DEL CUSCO
_cBIBLIOTECA MUNICIPAL DEL CUSCO
082 _aPI / 808.06 /
_bT61
100 _aThomas, Valerie
_933452
245 _aWinnie y su casa embrujada /
260 _aMéxico :
_bOcéano,
_c2016.
300 _bIlustraciones,
_c27 cm.
500 _aNo cuenta con numeración de paginas
650 _aCuentos infantiles
_93927
650 _aLa casa embrujada
_934072
650 _aPrimera infancia
_924660
700 _aPaul, Korky
_934064
942 _2ddc
_cLIBROS
945 _adavv
_d25/04/2019